00546pam a2200169 a 4500020002000000040001600020041000800036082001300044100001300057245007600070250001100146260004600157300002100203365002600224500006300250504006300313 a0-07-785613-3c aNMHR_425001 aeng a515bRUD aRudin, W aPrinciples of Mathematical Analysiscby Walter RudinhTextual Documents a3rd ed aNew DelhibMcGraw-Hill Book Companyc1993 a342pc21 x 15 cm aRs.149.00ePaper Back aThis document contains back index from page no. 339 to 342 aThis document contains bibliography from pg. no 335 to 336